LEADER 02480nam 2200469zu 450 001 9910956602903321 005 20240912154229.0 010 $a9781118842126 010 $a111884212X 010 $a9781118842119 010 $a1118842111 035 $a(CKB)29430069900041 035 $a(FR-PaCSA)88839030 035 $a(MiAaPQ)EBC4182962 035 $a(MiAaPQ)EBC7104131 035 $a(FRCYB88839030)88839030 035 $a(BIP)52761321 035 $a(BIP)50790690 035 $a(EXLCZ)9929430069900041 100 $a20231221d2015 || 0 101 0 $aeng 135 $aur||||||||||| 181 $ctxt$2rdacontent 182 $cc$2rdamedia 183 $acr$2rdacarrier 200 10$aLecture notes$iOncology /$fMark Bower, Jonathan Waxman 205 $aThird edition. 210 $cJohn Wiley & Sons$d2015 215 $a1 online resource (360 p.) 225 0 $aLecture notes 311 08$a9781118842096 311 08$a111884209X 330 $aCancer is one of the most exciting specialties in medicine. This book aspires to convey the authors' enthusiasm for oncology and this new edition of Oncology Lecture Notes is a must for students and trainees. There has been a revolution in the practice of oncology. The changes are due to amazing advances in basic science, and the development of new drugs and successful immunisation programmes that have followed. Cancer death rates have fallen and this is in part due to radical new treatments, effective screening programmes, and also, as a result of popular movements for change in patient care, and decreased exposure to carcinogens. Completely revised and updated, this new edition of Oncology Lecture Notes describes advances in molecular biology research and highlights the importance of patient perspectives in cancer care. The text includes many new figures and tables, an update of molecular biology and highlights new treatments. With learning objectives and key point summaries in each chapter, Oncology Lecture Notes is an ideal introduction to the biological basis and principles of treatment in oncology. Includes a companion website at www.lecturenoteseries.com/oncology featuring cases and self-assessment MCQs 517 3 $aOncology 606 $aCancer$vOutlines, syllabi, etc 615 0$aCancer 700 $aBower$b Mark$01794148 701 $aWaxman$b Jonathan$0883266 906 $aBOOK 912 $a9910956602903321 996 $aLecture notes$94334680 997 $aUNINA